00575nam a22001337a 4500999001700000008004100017050002800058100002300086245013600109260005400245300001500299942001300314952011400327 c18839d18839210223b xxu||||| |||| 00| 0 eng d aGMMF1359b.M87 2020 c.1 aMurage, Joy Wambui aTowards Whole person healthcare for female sex workers in Bomet county, Kenyabidentify the unmet health needs cJoy Wambui Murage  aKabarak, Nakuru, Kenya bKabarak Universityc2020 a151 leaves 2lcccTHE 00102lcc70aKABUbKABUd2021-02-23l0oGMMF1359 .M87 2020 c.1p030575r2021-02-23 00:00:00w2021-02-23yTHE